[Event "Oslo Chess International 2014"]
[Site "Oslo"]
[Date "2014.09.28"]
[Round "3"]
[White "Manea, Alexandru"]
[Black "Sousa, Ludy Helsio P"]
[Result "1-0"]
[WhiteElo "2368"]
[BlackElo "2228"]
[PlyCount "123"]
[EventDate "2014.??.??"]

1. d4 Nf6 2. c4 g6 3. Nf3 Bg7 4. g3 d6 5. Bg2 O-O 6. O-O Nbd7 7. Qc2 e5 8. Rd1
Qe7 9. Nc3 c6 10. e4 a5 11. Rb1 exd4 12. Nxd4 Nc5 13. b3 Ng4 14. h3 Nh6 15. Be3
f5 16. Qd2 Nf7 17. exf5 gxf5 18. Qc2 Qf6 19. Rbc1 h5 20. Nf3 Ne6 21. Ne2 Re8
22. Qd2 a4 23. b4 a3 24. Nf4 Nxf4 25. Bxf4 Ra4 26. Rc2 Bf8 27. Be3 c5 28. b5
Be6 29. Ng5 Nxg5 30. Bxg5 Qf7 31. Rdc1 Kh7 32. Qd3 Rea8 33. Qe2 Re8 34. Qd3 b6
35. h4 Rc8 36. Bf3 Qg6 37. Rc3 Qf7 38. Qe2 Bg7 39. Bxh5 Qg8 40. R3c2 Bb2 41.
Re1 Be5 42. Qd3 Rf8 43. Be7 Rxc4 44. Bxf8 Rxc2 45. Qxc2 Qxf8 46. f4 Bd4+ 47.
Kh2 Qf6 48. Qe2 Bg8 49. Be8 c4 50. Qh5+ Kg7 51. Bd7 Bf7 52. Qxf5 Qxf5 53. Bxf5
c3 54. Re7 Kf6 55. Rxf7+ Kxf7 56. g4 Bf2 57. h5 d5 58. g5 Bc5 59. Kg3 Ke7 60.
h6 Bd4 61. Kg4 Bh8 62. g6
1-0

[Event "Oslo Chess International 2014"]
[Site "Oslo"]
[Date "2014.09.28"]
[Round "3"]
[White "Einarsen, Kenneth"]
[Black "Hjelmås, Lars"]
[Result "0-1"]
[WhiteElo "2106"]
[BlackElo "2302"]
[PlyCount "64"]
[EventDate "2014.??.??"]

1. d4 f5 2. g3 d6 3. Nf3 g6 4. Bg2 Bg7 5. O-O Nh6 6. b4 O-O 7. Bb2 Nf7 8. c4 e5
9. e4 fxe4 10. Nfd2 exd4 11. Nxe4 Ne5 12. f4 Bg4 13. Qb3 Nf7 14. Qd3 c5 15.
bxc5 dxc5 16. Nxc5 Nc6 17. Nd2 Qe7 18. Nde4 b6 19. Nb3 Rad8 20. Rae1 Rfe8 21.
h3 Bc8 22. Ng5 Qxe1 23. Bxc6 Qe3+ 24. Qxe3 Rxe3 25. Bd5 Rxd5 26. cxd5 Nxg5 27.
fxg5 Rxg3+ 28. Kf2 Rxg5 29. d6 Rd5 30. Rc1 Bxh3 31. Ba3 d3 32. Nd2 h6
0-1

[Event "Oslo Chess International 2014"]
[Site "Oslo"]
[Date "2014.09.28"]
[Round "3"]
[White "Haugli, Petter"]
[Black "Gonzàlez, Francisco Silva"]
[Result "1-0"]
[WhiteElo "2277"]
[BlackElo "2130"]
[PlyCount "52"]
[EventDate "2014.??.??"]

1. d4 Nf6 2. c4 e6 3. Nc3 d5 4. cxd5 exd5 5. Bg5 Bb4 6. e3 h6 7. Bh4 g5 8. Bg3
Ne4 9. Qc2 c5 10. Bd3 Nxg3 11. hxg3 c4 12. Bf5 Nc6 13. Nf3 Ba5 14. Bxc8 Rxc8
15. Qf5 Ke7 16. Ne5 Qe8 17. Ke2 Bxc3 18. bxc3 Rd8 19. Rab1 b6 20. Rh5 Rd6 21.
Rbh1 Nd8 22. Qb1 Qa4 23. Rxg5 b5 24. Rf5 Ra6 25. Kf3 Qxa2 26. Qxb5 Qc2
1-0

[Event "Oslo Chess International 2014"]
[Site "Oslo"]
[Date "2014.09.28"]
[Round "3"]
[White "Kjølberg, Jens Hjorth"]
[Black "Mihajlov, Sebastian"]
[Result "1-0"]
[WhiteElo "2058"]
[BlackElo "2257"]
[PlyCount "99"]
[EventDate "2014.??.??"]

1. e4 e5 2. Nf3 Nc6 3. d4 exd4 4. c3 d5 5. exd5 Qxd5 6. cxd4 Bg4 7. Be2 Bb4+ 8.
Nc3 Bxf3 9. Bxf3 Qc4 10. Bxc6+ bxc6 11. Qe2+ Qxe2+ 12. Kxe2 Ne7 13. Be3 O-O-O
14. Rad1 Rhe8 15. Rd3 Nf5 16. Rhd1 Re6 17. Na4 Rde8 18. Rc1 Bd6 19. Rxc6 Bxh2
20. Rxe6 Rxe6 21. g3 h5 22. Nc5 Rb6 23. b3 h4 24. gxh4 Nxh4 25. Bg5 Ng6 26. Re3
c6 27. Re8+ Kc7 28. Ra8 f6 29. Rxa7+ Kc8 30. Rxg7 fxg5 31. Rxg6 Bf4 32. a4 Kc7
33. Rg7+ Kc8 34. a5 Rb5 35. a6 Kb8 36. Rb7+ Rxb7 37. axb7 g4 38. Kd3 Bh2 39.
Ke4 Ka7 40. Kf5 g3 41. fxg3 Bxg3 42. Ke6 Bf2 43. Kd6 Bxd4 44. Kxc6 Bxc5 45.
Kxc5 Kxb7 46. Kb5 Ka7 47. Kc6 Ka6 48. b4 Ka7 49. b5 Kb8 50. Kb6
1-0

[Event "Oslo Chess International 2014"]
[Site "Oslo"]
[Date "2014.09.28"]
[Round "3"]
[White "Raghavi, Nagarjan"]
[Black "Harstad, Christian"]
[Result "1-0"]
[WhiteElo "2253"]
[BlackElo "2002"]
[PlyCount "55"]
[EventDate "2014.??.??"]

1. e4 e5 2. Nf3 Nc6 3. Bb5 a6 4. Ba4 Nf6 5. O-O Be7 6. d3 b5 7. Bb3 d6 8. a4 b4
9. Nbd2 O-O 10. a5 Rb8 11. c3 Be6 12. Nc4 Qc8 13. d4 Bg4 14. Ba4 Qb7 15. d5 Na7
16. Ne3 Bh5 17. Nf5 Bd8 18. Qd3 Bg6 19. N3h4 Nh5 20. g3 f6 21. Nxg6 hxg6 22.
Nh4 g5 23. Ng6 Kf7 24. Nxf8 Kxf8 25. Qf3 g6 26. Bxg5 Kg7 27. Be3 Nc8 28. Bc6
1-0

[Event "Oslo Chess International 2014"]
[Site "Oslo"]
[Date "2014.09.28"]
[Round "3"]
[White "Andersen, Alf Roger"]
[Black "Wallace, Paul"]
[Result "0-1"]
[WhiteElo "2170"]
[BlackElo "2200"]
[PlyCount "124"]
[EventDate "2014.??.??"]

1. e4 e5 2. Nf3 Nc6 3. d4 exd4 4. Nxd4 Bc5 5. Be3 Qf6 6. Nb5 Bxe3 7. fxe3 Qe5
8. Nd2 Kd8 9. Bd3 d6 10. O-O Nf6 11. Nf3 Qe7 12. Qd2 Bd7 13. Qc3 Re8 14. Rad1
a6 15. Nbd4 Kc8 16. Rde1 Ne5 17. Nf5 Bxf5 18. exf5 Nfg4 19. h3 Nxf3+ 20. Rxf3
Ne5 21. Rf4 f6 22. Rb4 Nc6 23. Re4 Qd7 24. Rh4 h6 25. b4 Re5 26. a4 Qe7 27. Qd2
a5 28. b5 Nb4 29. b6 cxb6 30. c3 Nc6 31. Bb5 Kc7 32. Bxc6 bxc6 33. Qd3 Kb7 34.
Rd4 Rd8 35. Rg4 Rd7 36. c4 d5 37. cxd5 Rdxd5 38. Qb3 Rd2 39. Rc4 c5 40. Rb1 Rd6
41. e4 Ka7 42. Qf3 Qd7 43. Qb3 Qc6 44. Qg3 Re7 45. Rbc1 Rd2 46. e5 fxe5 47. Rg4
Rdd7 48. Rb1 Rb7 49. Qb3 Red7 50. Re1 Qd5 51. Qg3 Re7 52. Rge4 Rbd7 53. Rxe5
Rxe5 54. Rxe5 Qd4+ 55. Kh2 Qxa4 56. Re8 Qc6 57. Qb8+ Ka6 58. Re6 Qc7+ 59. Qxc7
Rxc7 60. f6 gxf6 61. Rxf6 c4 62. Rxh6 c3
0-1

[Event "Oslo Chess International 2014"]
[Site "Oslo"]
[Date "2014.09.28"]
[Round "3"]
[White "Pranav, Vijay"]
[Black "Djurhuus, Eivind X"]
[Result "1/2-1/2"]
[WhiteElo "2197"]
[BlackElo "2105"]
[PlyCount "86"]
[EventDate "2014.??.??"]

1. d4 Nf6 2. c4 e6 3. g3 d5 4. Nf3 dxc4 5. Bg2 Bd7 6. Ne5 Bc6 7. Nxc6 Nxc6 8.
Bxc6+ bxc6 9. Qa4 Qd7 10. Nc3 c5 11. dxc5 Qxa4 12. Nxa4 Rb8 13. a3 Ne4 14. Be3
Rb5 15. Rc1 Nxc5 16. Bxc5 Bxc5 17. O-O Bd6 18. Rxc4 Ke7 19. e4 g5 20. f3 h5 21.
b4 a5 22. Nc3 Rb7 23. bxa5 h4 24. Ne2 Rb2 25. Re1 hxg3 26. hxg3 Ra2 27. Ra4 Kd7
28. a6 c6 29. a7 Rxa3 30. Rxa3 Bxa3 31. Ra1 Bc5+ 32. Kg2 Ra8 33. Ra5 Be3 34.
Nc3 Rxa7 35. Rxa7+ Bxa7 36. f4 g4 37. e5 Bd4 38. Ne4 f5 39. exf6 Ke8 40. Kf1
Kf7 41. Ke2 Kg6 42. Kd3 Bxf6 43. Nf2 e5
1/2-1/2

[Event "Oslo Chess International 2014"]
[Site "Oslo"]
[Date "2014.09.28"]
[Round "3"]
[White "Haug, Johannes"]
[Black "Merkesvik, Sondre"]
[Result "1/2-1/2"]
[WhiteElo "2194"]
[BlackElo "2179"]
[PlyCount "29"]
[EventDate "2014.??.??"]

1. c4 Nf6 2. Nf3 g6 3. Nc3 d5 4. cxd5 Nxd5 5. Qa4+ Nc6 6. Nxd5 Qxd5 7. e4 Qc5
8. Bb5 Bd7 9. d4 Qb4+ 10. Qxb4 Nxb4 11. Bxd7+ Kxd7 12. O-O Bg7 13. Rd1 Rhd8 14.
a3 Na6 15. Be3
1/2-1/2

[Event "Oslo Chess International 2014"]
[Site "Oslo"]
[Date "2014.09.28"]
[Round "3"]
[White "Wieweg, Johnny"]
[Black "Goossens, Hanne"]
[Result "1-0"]
[WhiteElo "2140"]
[BlackElo "2187"]
[PlyCount "119"]
[EventDate "2014.??.??"]

1. e4 c5 2. Nc3 Nc6 3. Bb5 Nd4 4. Nf3 g6 5. Nxd4 cxd4 6. Ne2 Nf6 7. e5 Ng4 8.
Nxd4 Nxe5 9. Nf3 Bg7 10. O-O O-O 11. Re1 Qc7 12. Nxe5 Bxe5 13. g3 Bf6 14. c3 e5
15. Qf3 Bg7 16. d3 d6 17. Bc4 Bd7 18. Bd5 Bc6 19. Be3 Rae8 20. a4 Kh8 21. a5 a6
22. Bb6 Qd7 23. c4 f5 24. Rac1 e4 25. dxe4 fxe4 26. Qd1 Bxb2 27. Bd4+ Bxd4 28.
Qxd4+ Qg7 29. Rxe4 Rxe4 30. Qxe4 Qf6 31. Rc2 Re8 32. Qd3 Kg7 33. Rd2 Bxd5 34.
Qxd5 Re7 35. Qxd6 Qxd6 36. Rxd6 Rc7 37. Rb6 Kh6 38. Rb4 Kg5 39. Kg2 h5 40. f4+
Kf5 41. Kf3 Rd7 42. Rb3 Rc7 43. h3 Rd7 44. g4+ hxg4+ 45. hxg4+ Kf6 46. Rb6+ Kf7
47. Kg3 Rc7 48. Kh4 Kg7 49. Kg5 Rc5+ 50. f5 gxf5 51. Rxb7+ Kf8 52. gxf5 Rxa5
53. Kg6 Ra1 54. Rb8+ Ke7 55. f6+ Ke6 56. Re8+ Kd7 57. f7 Rg1+ 58. Kh5 Rh1+ 59.
Kg4 Rg1+ 60. Kh3
1-0

[Event "Oslo Chess International 2014"]
[Site "Oslo"]
[Date "2014.09.28"]
[Round "2"]
[White "Mihajlov, Sebastian"]
[Black "Andersen, Alf Roger"]
[Result "1-0"]
[WhiteElo "2257"]
[BlackElo "2170"]
[PlyCount "79"]
[EventDate "2014.??.??"]

1. d4 f5 2. e4 fxe4 3. Nc3 Nf6 4. Bg5 Nc6 5. d5 Ne5 6. Qe2 Nf7 7. Bxf6 exf6 8.
Nxe4 Bb4+ 9. c3 Be7 10. d6 cxd6 11. O-O-O O-O 12. Ng3 g6 13. f4 f5 14. h4 Bf6
15. h5 Qa5 16. Kb1 Bg7 17. Nf3 b5 18. hxg6 hxg6 19. Nh4 Nh8 20. Rxd6 Bb7 21.
Qxb5 Qxb5 22. Bxb5 Rf6 23. Rxd7 Rb8 24. Re1 Rb6 25. Bc4+ Kf8 26. Bb3 a5 27. Kc1
Bc6 28. Rd6 a4 29. Bc2 a3 30. bxa3 Bxc3 31. Ree6 Rc8 32. Nxg6+ Nxg6 33. Rxg6
Ra6 34. Bb3 Bg7 35. Kd2 Rc7 36. Nxf5 Be8 37. Rxa6 Bxg6 38. Rxg6 Bc3+ 39. Kd3
Bb2 40. Rg8#
1-0

[Event "Oslo Chess International 2014"]
[Site "Oslo"]
[Date "2014.09.28"]
[Round "4"]
[White "Nilsen, Joachim B."]
[Black "Istratescu, Andrei"]
[Result "0-1"]
[WhiteElo "2363"]
[BlackElo "2653"]
[PlyCount "72"]
[EventDate "2014.??.??"]

1. c4 c5 2. g3 g6 3. Bg2 Bg7 4. Nc3 Nc6 5. e4 e6 6. Nge2 Nge7 7. O-O O-O 8. a3
b6 9. Rb1 Bb7 10. d3 Nd4 11. b4 d6 12. Bb2 Qd7 13. Nxd4 cxd4 14. Ne2 e5 15. Qb3
Kh8 16. a4 f5 17. Ba3 fxe4 18. dxe4 Rac8 19. Rfc1 Ng8 20. Rc2 Nf6 21. f3 h5 22.
Bc1 Qf7 23. Kh1 Rc7 24. Bd2 Bc8 25. Ng1 Be6 26. Rbc1 Rfc8 27. Bh3 Nh7 28. Bxe6
Qxe6 29. Qd3 g5 30. Ne2 Qe8 31. b5 Qg6 32. f4 g4 33. Bb4 Bf8 34. Rf1 d5 35. f5
Qf6 36. Bxf8 dxc4
0-1

[Event "Oslo Chess International 2014"]
[Site "Oslo"]
[Date "2014.09.28"]
[Round "4"]
[White "Romanov, Evgeny"]
[Black "Lillevold, Frode"]
[Result "1-0"]
[WhiteElo "2647"]
[BlackElo "2199"]
[PlyCount "66"]
[EventDate "2014.??.??"]

1. d4 d5 2. c4 e6 3. Nf3 Nf6 4. Nc3 c6 5. e3 Nbd7 6. Bd3 dxc4 7. Bxc4 b5 8. Bd3
Bb7 9. O-O a6 10. e4 c5 11. d5 c4 12. Bc2 Qc7 13. Nd4 Nc5 14. Qe2 O-O-O 15. Nc6
Bxc6 16. dxc6 Qxc6 17. a4 b4 18. Qxc4 bxc3 19. b4 Nfxe4 20. bxc5 f5 21. Bxe4
fxe4 22. Be3 Rd5 23. Qxc3 Bd6 24. Rab1 Bc7 25. Qxg7 Rhd8 26. Qxh7 R5d7 27. Qh3
Qd5 28. g3 Qe5 29. Qg2 Rh7 30. Rb4 Rdh8 31. Rxe4 Qf6 32. Rd4 Rxh2 33. Qa8+ Bb8
1-0

[Event "Oslo Chess International 2014"]
[Site "Oslo"]
[Date "2014.09.28"]
[Round "4"]
[White "Rozentalis, Eduardas"]
[Black "Bellia, Fabrizio"]
[Result "1/2-1/2"]
[WhiteElo "2615"]
[BlackElo "2408"]
[PlyCount "118"]
[EventDate "2014.??.??"]

1. e4 e5 2. Nf3 Nc6 3. Bb5 a6 4. Bxc6 dxc6 5. O-O f6 6. d4 exd4 7. Nxd4 c5 8.
Nb3 Qxd1 9. Rxd1 Bd7 10. Nc3 O-O-O 11. Bf4 Be6 12. Rxd8+ Kxd8 13. Rd1+ Kc8 14.
Nd5 Bxd5 15. Rxd5 b6 16. Kf1 Ne7 17. Rd2 g5 18. Bg3 Bg7 19. c3 f5 20. exf5 Nxf5
21. Re2 Nxg3+ 22. hxg3 Kd7 23. Nd2 h6 24. Ne4 c4 25. g4 b5 26. Ng3 Bf6 27. Nh5
Be7 28. g3 Rg8 29. Re4 Rg6 30. Ke2 a5 31. a3 Re6 32. Rxe6 Kxe6 33. Ng7+ Kd5 34.
Nf5 Bf8 35. f3 c6 36. Ke3 Bc5+ 37. Kd2 Bf8 38. Ke2 Ke5 39. Ne3 Bd6 40. Kd2 Bc5
41. Nf1 Kd5 42. Kd1 Ke5 43. Nd2 Bb6 44. Ke1 Ba7 45. Ke2 Bc5 46. a4 Kd5 47. Nf1
Ke5 48. Ne3 Bf8 49. Kd2 Bc5 50. Ke2 Bf8 51. Nc2 Kd5 52. Na3 Bd6 53. axb5 cxb5
54. Nxb5 Bxg3 55. Nd4 Bf4 56. Kd1 Bd6 57. Nf5 Bf8 58. Ne3+ Kc5 59. Kc2 a4
1/2-1/2

[Event "Oslo Chess International 2014"]
[Site "Oslo"]
[Date "2014.09.28"]
[Round "4"]
[White "Arvola, Benjamin"]
[Black "Prohaszka, Peter"]
[Result "1/2-1/2"]
[WhiteElo "2318"]
[BlackElo "2588"]
[PlyCount "118"]
[EventDate "2014.??.??"]

1. d4 c6 2. c4 d5 3. Nf3 Nf6 4. g3 Bf5 5. Qb3 Qb6 6. Nc3 e6 7. c5 Qc7 8. Bf4
Qc8 9. Bg2 Nbd7 10. O-O Be7 11. Qd1 Ne4 12. Nd2 Nxc3 13. bxc3 O-O 14. e4 dxe4
15. Bxe4 Bxe4 16. Nxe4 b6 17. Bd6 Bxd6 18. cxd6 Qa6 19. Re1 Rad8 20. Qb3 Qa5
21. Rad1 Nf6 22. Nxf6+ gxf6 23. c4 Rxd6 24. Qf3 Qg5 25. h4 Qf5 26. Qxf5 exf5
27. c5 Re6 28. cxb6 axb6 29. Rb1 Rb8 30. Kg2 Rd6 31. Rb4 b5 32. a4 f4 33. gxf4
Ra8 34. axb5 cxb5 35. Kf3 Ra3+ 36. Re3 Ra4 37. Reb3 Rxd4 38. Rxd4 Rxd4 39. Rxb5
Rd3+ 40. Kg4 Kg7 41. Ra5 Rb3 42. Ra8 Rb1 43. Ra5 Rg1+ 44. Kh3 Kg6 45. h5+ Kh6
46. Rf5 Kg7 47. Kh2 Rb1 48. Kg3 Rb6 49. Ra5 Rb3+ 50. Kg4 Rb2 51. Kg3 Rb3+ 52.
Kg4 Rb1 53. Rf5 Rg1+ 54. Kf3 Rh1 55. Kg2 Ra1 56. Kf3 Ra6 57. Kg4 Ra3 58. Rb5
Rc3 59. Ra5 Rd3
1/2-1/2

[Event "Oslo Chess International 2014"]
[Site "Oslo"]
[Date "2014.09.28"]
[Round "4"]
[White "Turov, Maxim"]
[Black "Manea, Alexandru"]
[Result "1/2-1/2"]
[WhiteElo "2586"]
[BlackElo "2368"]
[PlyCount "55"]
[EventDate "2014.??.??"]

1. d4 d5 2. c4 c6 3. Nc3 dxc4 4. e3 b5 5. a4 b4 6. Ne4 Qd5 7. Nd2 c3 8. bxc3
bxc3 9. Nb1 Qa5 10. Qc2 e6 11. Ba3 Ba6 12. Bxf8 Kxf8 13. Qxc3 Qxc3+ 14. Nxc3
Bxf1 15. Kxf1 Nf6 16. Nf3 Nbd7 17. Ke2 Ke7 18. Rhc1 Rhc8 19. Rc2 Rab8 20. Rac1
Rb4 21. Ne1 Rcb8 22. Nd3 Rc4 23. Rb2 Rxb2+ 24. Nxb2 Rb4 25. Nd3 Rc4 26. Kd2 c5
27. dxc5 Nxc5 28. Nxc5
1/2-1/2

[Event "Oslo Chess International 2014"]
[Site "Oslo"]
[Date "2014.09.28"]
[Round "4"]
[White "Hjelmås, Lars"]
[Black "Solodovnichenko, Yuri"]
[Result "0-1"]
[WhiteElo "2302"]
[BlackElo "2566"]
[PlyCount "72"]
[EventDate "2014.??.??"]

1. d4 g6 2. c4 Bg7 3. Nc3 c5 4. d5 f5 5. h4 Nf6 6. h5 Nxh5 7. e4 Nf6 8. exf5
gxf5 9. Bd3 d6 10. Qc2 e6 11. Nge2 Qe7 12. Bg5 Na6 13. a3 Nc7 14. O-O-O Qf7 15.
dxe6 Bxe6 16. Nf4 Ng4 17. Ncd5 Bxd5 18. Bxf5 Nxf2 19. Nxd5 Nxh1 20. Qe4+ Be5
21. Nf6+ Kf8 22. Nd7+ Kg8 23. Nxe5 dxe5 24. Rxh1 Rf8 25. g4 h5 26. Qxe5 Re8 27.
Qxc5 Ne6 28. Qe3 hxg4 29. Rf1 Rh3 30. Qd2 Rf3 31. Rxf3 gxf3 32. Bh3 Nc5 33. Qd5
Qxd5 34. cxd5 f2 35. b4 Re1+ 36. Kd2 Ne4+
0-1

[Event "Oslo Chess International 2014"]
[Site "Oslo"]
[Date "2014.09.28"]
[Round "4"]
[White "Galyas, Miklos"]
[Black "Papp, Gabor"]
[Result "1/2-1/2"]
[WhiteElo "2421"]
[BlackElo "2559"]
[PlyCount "32"]
[EventDate "2014.??.??"]

1. d4 Nf6 2. c4 e6 3. Nc3 Bb4 4. Qc2 d5 5. a3 Bxc3+ 6. Qxc3 O-O 7. Bg5 c5 8.
cxd5 cxd4 9. Qxd4 Nc6 10. Qh4 exd5 11. Nf3 Bf5 12. Bxf6 Qxf6 13. Qxf6 gxf6 14.
e3 d4 15. Bb5 dxe3 16. fxe3 Ne5
1/2-1/2

[Event "Oslo Chess International 2014"]
[Site "Oslo"]
[Date "2014.09.28"]
[Round "4"]
[White "Werle, Jan"]
[Black "Gara, Anita"]
[Result "1-0"]
[WhiteElo "2523"]
[BlackElo "2322"]
[PlyCount "107"]
[EventDate "2014.??.??"]

1. d4 d5 2. c4 e6 3. Nc3 c5 4. cxd5 exd5 5. Nf3 Nc6 6. g3 Nf6 7. Bg2 Be7 8. O-O
O-O 9. dxc5 Bxc5 10. Na4 Be7 11. Be3 Re8 12. Rc1 Bg4 13. h3 Bxf3 14. exf3 d4
15. Bd2 Qd5 16. a3 Qb5 17. Re1 Bd6 18. f4 h5 19. b4 h4 20. Nb2 Rxe1+ 21. Bxe1
Re8 22. Bf1 Qd5 23. Nc4 Bb8 24. Bg2 Qf5 25. Qf3 Re6 26. Na5 Qb5 27. Bf1 Qb6 28.
Bc4 Re7 29. Nxc6 bxc6 30. g4 Qc7 31. g5 Ne4 32. g6 Qxf4 33. Bxf7+ Kf8 34. Qxf4
Bxf4 35. Rxc6 Nd6 36. Bd2 Bxd2 37. Rxd6 Re1+ 38. Kg2 Bc3 39. Rd7 Ra1 40. Bc4
Rxa3 41. Bb5 Bxb4 42. Rf7+ Kg8 43. Bc4 Rc3 44. Bd5 Rc5 45. Rf5+ Rxd5 46. Rxd5
Kf8 47. Rxd4 a5 48. Rxh4 Ke7 49. Rf4 Ke6 50. h4 Bc3 51. h5 Bf6 52. Kf3 Bg5 53.
Rf7 Bf6 54. Ra7
1-0

[Event "Oslo Chess International 2014"]
[Site "Oslo"]
[Date "2014.09.28"]
[Round "4"]
[White "Djurovic, Goran"]
[Black "Svane, Rasmus"]
[Result "0-1"]
[WhiteElo "2408"]
[BlackElo "2506"]
[PlyCount "70"]
[EventDate "2014.??.??"]

1. c4 c5 2. Nf3 Nc6 3. e3 Nf6 4. b3 d5 5. cxd5 Nxd5 6. a3 e5 7. Qc2 Bd6 8. d3
O-O 9. Be2 Kh8 10. O-O f5 11. Re1 Bd7 12. Bb2 Qf6 13. Nbd2 Rae8 14. Bf1 Qh6 15.
g3 Nf6 16. Nc4 Bb8 17. Rad1 Bc8 18. Nh4 Ng4 19. h3 Nf6 20. Nf3 Qg6 21. Nh4 Qh6
22. Nf3 e4 23. Nh4 Nh5 24. Ng2 Qg6 25. Kh1 b5 26. Nd2 Nxg3+ 27. fxg3 Qxg3 28.
Nf4 Nd4 29. Qxc5 Nf3 30. Nxf3 exf3 31. Qd4 Be5 32. Qxa7 f2 33. Bg2 fxe1=Q+ 34.
Rxe1 Qxe1+ 35. Kh2 Bxb2
0-1

[Event "Oslo Chess International 2014"]
[Site "Oslo"]
[Date "2014.09.28"]
[Round "4"]
[White "Basso, Pier Luigi"]
[Black "Hansen, Torbjørn R."]
[Result "0-1"]
[WhiteElo "2322"]
[BlackElo "2476"]
[PlyCount "66"]
[EventDate "2014.??.??"]

1. c4 Nf6 2. g3 g6 3. Bg2 Bg7 4. Nc3 O-O 5. d3 c5 6. e3 Nc6 7. Nge2 d6 8. O-O
Rb8 9. a3 Bf5 10. h3 e5 11. Rb1 Qd7 12. Kh2 a6 13. f4 Be6 14. Nd5 exf4 15. gxf4
Nh5 16. b4 Rfe8 17. b5 axb5 18. Rxb5 Ne7 19. Nxe7+ Rxe7 20. Qb3 h6 21. a4 Qe8
22. Rb6 Bd7 23. Nc3 Rxe3 24. Bxe3 Qxe3 25. Rf3 Qe1 26. Nd5 Re8 27. Qb1 Qd2 28.
Qf1 Re1 29. Qf2 Re2 30. Qf1 Re1 31. Qf2 Re2 32. Qf1 Bd4 33. Rb1 Bxa4
0-1

[Event "Oslo Chess International 2014"]
[Site "Oslo"]
[Date "2014.09.28"]
[Round "4"]
[White "Hauge, Lars Oskar"]
[Black "Andersen, Mads"]
[Result "0-1"]
[WhiteElo "2322"]
[BlackElo "2470"]
[PlyCount "58"]
[EventDate "2014.??.??"]

1. d4 d5 2. Bf4 Nf6 3. e3 g6 4. Nd2 Bg7 5. Ngf3 O-O 6. Be2 c5 7. c3 Nc6 8. Ne5
Nd7 9. Nxd7 Qxd7 10. dxc5 e5 11. Bg3 f5 12. f4 d4 13. cxd4 exd4 14. e4 d3 15.
Qb3+ Kh8 16. Bf3 Nd4 17. Qxd3 Nxf3+ 18. Qxf3 fxe4 19. Qb3 Qc6 20. O-O Rd8 21.
Nc4 Be6 22. Bf2 e3 23. Bxe3 Qe4 24. Rac1 Rd3 25. Qb5 Bxc4 26. Rxc4 Qxe3+ 27.
Kh1 Rad8 28. Rcc1 Qxc1 29. Qxd3 Rxd3
0-1

[Event "Oslo Chess International 2014"]
[Site "Oslo"]
[Date "2014.09.28"]
[Round "4"]
[White "Elsness, Frode"]
[Black "Mihajlov, Svetoslav"]
[Result "0-1"]
[WhiteElo "2465"]
[BlackElo "2154"]
[PlyCount "140"]
[EventDate "2014.??.??"]

1. d4 Nf6 2. c4 g6 3. Nc3 Bg7 4. e4 d6 5. f3 O-O 6. Be3 Nc6 7. Nge2 a6 8. Qd2
Rb8 9. Rc1 h5 10. b3 Nh7 11. d5 Ne5 12. Nf4 c5 13. dxc6 Nxc6 14. Nfd5 Bd7 15.
Nb6 Nf6 16. Be2 Be6 17. O-O Ne5 18. Rfd1 Nfd7 19. Nbd5 Bxd5 20. Nxd5 Rc8 21.
Kh1 Nc5 22. Qc2 Ne6 23. Qd2 Nc6 24. Bb6 Qe8 25. Qe3 Kh7 26. Rc2 Bh6 27. Qf2 Bg7
28. Bf1 Ne5 29. b4 Nd7 30. Be3 Nf6 31. g3 Nc7 32. Bh3 Ncxd5 33. exd5 Nd7 34. c5
f5 35. Bf1 Ne5 36. c6 bxc6 37. Bxa6 Rb8 38. dxc6 Nxc6 39. a3 Qd7 40. f4 e5 41.
Rdc1 Ne7 42. b5 Nd5 43. Ba7 Rxb5 44. Bxb5 Qxb5 45. fxe5 dxe5 46. Qc5 Qd3 47.
Qc4 Qf3+ 48. Kg1 Nf6 49. Qe2 Qd5 50. Bf2 Ne4 51. Rd1 Qb7 52. h4 f4 53. Re1 Nxg3
54. Bxg3 fxg3 55. Qe4 Qa7+ 56. Qe3 Qa4 57. Rg2 Rf4 58. Rxg3 Rxh4 59. Qg5 Qd4+
60. Qe3 Qd5 61. Rg2 e4 62. Rd2 Rg4+ 63. Kf1 Qf5+ 64. Rf2 Qb5+ 65. Qe2 Qg5 66.
Rg2 Qf5+ 67. Rf2 Qg5 68. Rg2 Rf4+ 69. Rf2 Bd4 70. Rxf4 Qg1#
0-1

[Event "Oslo Chess International 2014"]
[Site "Oslo"]
[Date "2014.09.28"]
[Round "4"]
[White "Tari, Aryan"]
[Black "Raghavi, Nagarjan"]
[Result "1-0"]
[WhiteElo "2456"]
[BlackElo "2253"]
[PlyCount "117"]
[EventDate "2014.??.??"]

1. d4 Nf6 2. c4 e6 3. g3 d5 4. Nf3 Be7 5. Bg2 O-O 6. O-O dxc4 7. Qc2 a6 8. a4
Ra7 9. Ne5 b6 10. Rd1 Bb7 11. e4 Nbd7 12. Nxc4 Qa8 13. Nc3 Bb4 14. f3 Be7 15.
Be3 Rc8 16. Qf2 Qb8 17. g4 Ba8 18. Bf4 Qb7 19. Bf1 Ne8 20. Qg3 c6 21. h4 b5 22.
Ne3 Nf8 23. h5 Rd8 24. g5 bxa4 25. Nxa4 Qb4 26. Nc4 Nd6 27. Nab6 Nxc4 28. Nxc4
c5 29. d5 exd5 30. Bc7 Rxc7 31. Qxc7 Rd7 32. Qc8 Bb7 33. Qb8 Bxg5 34. exd5 Bf6
35. Ne5 Rxd5 36. Rxd5 Bxd5 37. Qxb4 cxb4 38. f4 Be7 39. Rxa6 Ne6 40. Bc4 Bxc4
41. Ra8+ Bf8 42. Nxc4 f6 43. Nb6 Kf7 44. Nd5 Nd4 45. Kf2 Bd6 46. Ke3 Nf5+ 47.
Kd3 Ng3 48. h6 gxh6 49. Ra6 Ke6 50. Nxf6 h5 51. Ne8 Nf5 52. Rb6 h4 53. Nxd6
Nxd6 54. Ke2 h5 55. Kf3 Kd5 56. Rxb4 Nf5 57. Rb5+ Ke6 58. Re5+ Kf6 59. Rxf5+
1-0

[Event "Oslo Chess International 2014"]
[Site "Oslo"]
[Date "2014.09.28"]
[Round "4"]
[White "Gledura, Benjamin"]
[Black "Kjølberg, Jens Hjorth"]
[Result "1-0"]
[WhiteElo "2414"]
[BlackElo "2058"]
[PlyCount "77"]
[EventDate "2014.??.??"]

1. Nf3 c5 2. c4 Nc6 3. Nc3 Nf6 4. g3 g6 5. Bg2 Bg7 6. O-O O-O 7. d4 cxd4 8.
Nxd4 Qa5 9. e3 d6 10. Nde2 Ng4 11. Bd2 Nge5 12. b3 Qd8 13. a3 Nd7 14. Qc2 Nb6
15. Rac1 Bd7 16. Ne4 Bf5 17. Bc3 Rc8 18. Bxg7 Kxg7 19. Rfd1 Bxe4 20. Qxe4 Nd7
21. b4 Nf6 22. Qb1 Qb6 23. Nd4 Ne5 24. Qb3 h5 25. h3 Rc7 26. Nb5 Rd7 27. a4 a5
28. c5 Qd8 29. cxd6 exd6 30. bxa5 Qxa5 31. Nxd6 Rfd8 32. Nxb7 Rxd1+ 33. Rxd1
Rxd1+ 34. Qxd1 Qb4 35. a5 Qa3 36. Qd4 Nd3 37. Nd6 Qc1+ 38. Kh2 Nxf2 39. Ne8+
1-0

[Event "Oslo Chess International 2014"]
[Site "Oslo"]
[Date "2014.09.28"]
[Round "4"]
[White "Merkesvik, Sondre"]
[Black "Haugli, Petter"]
[Result "1/2-1/2"]
[WhiteElo "2179"]
[BlackElo "2277"]
[PlyCount "70"]
[EventDate "2014.??.??"]

1. Nf3 c5 2. g3 Nc6 3. d4 cxd4 4. Nxd4 g6 5. Bg2 Bg7 6. c3 Nf6 7. e4 O-O 8. O-O
Qc7 9. Na3 a6 10. Nac2 d6 11. Ne3 Bd7 12. Re1 Rfe8 13. b3 b5 14. Bb2 Rac8 15.
c4 Nxd4 16. Bxd4 Bc6 17. Rc1 Qb7 18. Nd5 Bxd5 19. Bxf6 Bxf6 20. cxd5 Rxc1 21.
Qxc1 Rc8 22. Qb1 Rc3 23. Rc1 Qc7 24. Rxc3 Qxc3 25. Bf1 Bd4 26. Qd3 Qb2 27. Qe2
Qa1 28. Qc2 a5 29. a4 b4 30. Kg2 Kg7 31. Bc4 h5 32. h4 Kf6 33. Qe2 Qc1 34. Qf3+
Kg7 35. Bb5 Qc3
1/2-1/2

[Event "Oslo Chess International 2014"]
[Site "Oslo"]
[Date "2014.09.28"]
[Round "4"]
[White "Mihajlov, Sebastian"]
[Black "Haug, Johannes"]
[Result "1/2-1/2"]
[WhiteElo "2257"]
[BlackElo "2194"]
[PlyCount "27"]
[EventDate "2014.??.??"]

1. Nf3 Nf6 2. d4 e6 3. c4 Bb4+ 4. Nbd2 O-O 5. e3 b6 6. Bd3 Bb7 7. O-O d5 8. Qc2
h6 9. b3 c5 10. dxc5 Bxc5 11. Bb2 Nbd7 12. e4 dxc4 13. Nxc4 Be7 14. Rad1
1/2-1/2

[Event "Oslo Chess International 2014"]
[Site "Oslo"]
[Date "2014.09.28"]
[Round "4"]
[White "Sousa, Ludy Helsio P"]
[Black "Harstad, Christian"]
[Result "1-0"]
[WhiteElo "2228"]
[BlackElo "2002"]
[PlyCount "47"]
[EventDate "2014.??.??"]

1. e4 e5 2. Nf3 Nc6 3. Bb5 a6 4. Ba4 Nf6 5. Qe2 b5 6. Bb3 Be7 7. O-O d6 8. a4
b4 9. Qc4 Na5 10. Qxf7+ Kd7 11. Be6+ Kc6 12. Bd5+ Kb6 13. Bxa8 Rf8 14. Qa2 b3
15. cxb3 Be6 16. Bd5 Bxd5 17. exd5 Nxd5 18. Qa3 Rxf3 19. gxf3 Bg5 20. Nc3 Nf4
21. Qb4+ Ka7 22. Qxa5 Qd7 23. Nb5+ Kb7 24. Qxc7+
1-0